Library Banner

Islam and woman/ (Record no. 96335)

MARC details
000 -LEADER
fixed length control field 00418nam a22001457a 4500
005 - DATE AND TIME OF LATEST TRANSACTION
control field 20170803112931.0
008 - FIXED-LENGTH DATA ELEMENTS--GENERAL INFORMATION
fixed length control field 170803b xxu||||| |||| 00| 0 eng d
040 ## - CATALOGING SOURCE
Transcribing agency PK-LaUMT
082 ## - DEWEY DECIMAL CLASSIFICATION NUMBER
Classification number ZIAC 297.082
Item number FAR-I
100 ## - MAIN ENTRY--PERSONAL NAME
Personal name Farooq , Muhammad
245 ## - TITLE STATEMENT
Title Islam and woman/
Statement of responsibility, etc Muhammad Farooq and Rizwana Farooq
260 ## - PUBLICATION, DISTRIBUTION, ETC. (IMPRINT)
Place of publication, distribution, etc Islamabad:
Name of publisher, distributor, etc Organization for research and education,
Date of publication, distribution, etc 2005
300 ## - PHYSICAL DESCRIPTION
Extent 220 p.
942 ## - ADDED ENTRY ELEMENTS (KOHA)
Koha item type Books
Holdings
Withdrawn status Lost status Damaged status Home library Current library Date acquired Full call number Barcode Date last seen Price effective from Koha item type
      UMT Main Campus UMT Main Campus 2017-08-03 ZIAC 297.082 FAR-I 111988 2017-08-03 2017-08-03 Books